000 00427nam a2200181Ia 4500
001 3378
005 20260306145639.0
008 260306t1988||||xx |||||||||||||| ||spa||
041 _aESP
082 _a270.3
_bF81
100 _aWilhelm Frank, Isnard
_eAUT
245 0 _aHistoria de la iglesia medieval
260 _c1988
300 _a251 páginas :
_c19 cm.
650 _aGEN
654 _aCHU
942 _cLIB
_dJUS
_fJUS
_2ddc
_n
999 _c3378
_d3378